[Event "Challenge"]
[Site "http://www.queenalice.com/game.php?id=167641"]
[Date "2007.2.12"]
[Round "-"]
[White "rcbartz"]
[Black "Martinelli"]
[Result "0-1"]
[WhiteElo "787"]
[BlackElo "1536"]

1. c4 e5 2. Qa4 Nc6 3. e4 Be7 4. f3 Nf6 5. Bd3 O-O 6. g4 Nd4 7. c5 Bxc5 8. Nc3
c6 9. Nh3 Nxf3+ 10. Ke2 Nd4+ 11. Kd1 Nxg4 12. Ng5 Nf2+ 13. Ke1 Nxd3+ 14. Kf1
Qxg5 15. h4 Qf4+ 16. Kg1 Qf2# 0-1

[Event "Erik Returns"]
[Site "http://www.queenalice.com/game.php?id=167924"]
[Date "2007.2.13"]
[Round "-"]
[White "marecup"]
[Black "Martinelli"]
[Result "0-1"]
[WhiteElo "1432"]
[BlackElo "1531"]

1. d4 e6 2. Nf3 Qf6 3. Nc3 d6 4. Bg5 Qg6 5. Ne4 Qxe4 6. Qd3 Qc6 7. Rd1 Be7 8. e3
Bxg5 9. Nxg5 Qd5 10. Ne4 Nh6 11. Nc3 Qh5 12. Be2 Qg5 13. Ne4 Qxg2 14. Kd2 O-O
15. Rhg1 Qxh2 16. Rg3 e5 17. Rdg1 g6 18. Nf6+ Kh8 19. Ng4 Qh4 20. f4 exf4 21.
exf4 Bf5 22. Qc4 Bxg4 23. Bxg4 Qh2+ 24. Be2 Nf5 25. R3g2 Qxf4+ 26. Ke1 Nh4 27.
Rg4 Qh2 28. d5 Re8 29. Qc3+ Kg8 30. R1g2 Nxg2+ 31. Rxg2 Qxg2 32. Kd2 Qxe2+ 33.
Kc1 Re4 34. Qd2 Qxd2+ 35. Kxd2 Na6 36. c4 Rae8 37. b4 Rd4+ 38. Kc3 Rh4 39. b5
Nc5 40. a4 Re3+ 41. Kb4 b6 42. a5 Rb3# 0-1

[Event "Que a força esteja comigo!!!"]
[Site "http://www.queenalice.com/game.php?id=168702"]
[Date "2007.2.14"]
[Round "-"]
[White "Marcelo_Araujo"]
[Black "Martinelli"]
[Result "1-0"]
[WhiteElo "1675"]
[BlackElo "1522"]

1. c4 e5 2. g3 Nf6 3. Bg2 Qe7 4. Nc3 Qc5 5. e4 d6 6. Nf3 Ng4 7. O-O Be7 8. d4
exd4 9. Nxd4 Qh5 10. h3 Ne5 11. Qxh5 Nbc6 12. Nxc6 Nxc6 13. Nd5 Be6 14. Nxc7+
Kd7 15. Nxa8 Rxa8 16. Qxh7 Bxc4 17. Rd1 a5 18. Qxg7 Ne5 19. f4 Nc6 20. e5 d5 21.
Qxf7 Rf8 22. Rxd5+ Kc7 23. Qe6 Bc5+ 24. Kh2 Bxd5 25. Bxd5 Nd4 26. Qg6 Nf5 27. g4
Nh4 28. Qh7+ Kd8 29. Qxh4+ Be7 30. Qf2 Rh8 31. Bxb7 Bh4 32. Qc5 Be1 33. Qc8+ Ke7
34. Qxh8 Kd7 35. Qf6 Kc7 36. Bd5 a4 37. Qc6+ Kd8 38. e6 Bh4 39. Qd7# 1-0

[Event "Nao desista..."]
[Site "http://www.queenalice.com/game.php?id=172782"]
[Date "2007.2.23"]
[Round "-"]
[White "Martinelli"]
[Black "marecup"]
[Result "0-1"]
[WhiteElo "1538"]
[BlackElo "1373"]

1. a4 e5 2. Ra3 Bxa3 3. bxa3 d6 4. e4 Nf6 5. Bb5+ Bd7 6. Bc4 Bxa4 7. d3 Nc6 8.
Nh3 Nd4 9. Ng5 O-O 10. O-O d5 11. exd5 Nxd5 12. Qh5 h6 13. Ne4 Re8 14. Qg4 Bxc2
15. Bxh6 Ne6 16. Nc5 g6 17. Nd2 Nf6 18. Re1 Nxg4 19. Rc1 Nxh6 20. Rxc2 Nxc5 21.
Rc3 e4 22. d4 Nd3 23. Rb3 Qxd4 24. Rxb7 Qxf2+ 25. Kh1 Qe1+ 26. Nf1 Qxf1# 0-1

[Event "AUTO-INT-358"]
[Site "http://www.queenalice.com/game.php?id=172893"]
[Date "2007.2.23"]
[Round "1"]
[White "Bernobr"]
[Black "Martinelli"]
[Result "1-0"]
[WhiteElo "1638"]
[BlackElo "1538"]

1. e4 e5 2. f4 exf4 3. Nf3 Nf6 4. Nc3 Ng4 5. Bc4 Bc5 6. d4 Bb4 7. Bxf4 Qf6 8.
Bxc7 Nc6 9. Bg3 Ne3 10. Qe2 Nxc4 11. Qxc4 Bxc3+ 12. Qxc3 O-O 13. O-O-O Qh6+ 14.
Kb1 Re8 15. d5 Nd8 16. Rhe1 b6 17. Nh4 Qh5 18. Nf5 Rxe4 19. Qxg7# 1-0

[Event "AUTO-INT-358"]
[Site "http://www.queenalice.com/game.php?id=172894"]
[Date "2007.2.23"]
[Round "1"]
[White "Martinelli"]
[Black "Bernobr"]
[Result "0-1"]
[WhiteElo "1512"]
[BlackElo "1641"]

1. e4 c5 2. Nc3 d6 3. Nd5 e6 4. Nf4 Nf6 5. c4 Be7 6. d3 O-O 7. Qf3 Nc6 8. Qg3
Nd4 9. Nh5 Nxh5 10. Qg4 Nc2+ 11. Kd1 Nf6 12. Qg3 Nxa1 13. Bh6 Nh5 14. Qg4 g6 15.
Nf3 e5 16. Qxh5 gxh5 17. Be2 Re8 18. Kd2 Qa5+ 19. Kd1 Qxa2 20. Nd2 Nb3 21. Bxh5
Qa1+ 22. Kc2 Nd4+ 23. Kc3 Qa5+ 24. b4 Qxb4# 0-1

[Event "AUTO-INT-358"]
[Site "http://www.queenalice.com/game.php?id=172909"]
[Date "2007.2.23"]
[Round "1"]
[White "Milton"]
[Black "Martinelli"]
[Result "0-1"]
[WhiteElo "1510"]
[BlackElo "1522"]

1. d4 e6 2. c4 Bb4+ 3. Bd2 Bxd2+ 4. Qxd2 Nf6 5. Qg5 c6 6. Qxg7 Rg8 7. Qh6 Rg4 8.
e3 Qa5+ 9. Nc3 Ne4 10. Rc1 Nxc3 11. Rxc3 Qxa2 12. Rc2 Qb1+ 13. Ke2 Qxc2+ 14. Kf3
Qe4+ 15. Ke2 d5 16. f3 Qc2+ 17. Ke1 Qxb2 18. cxd5 cxd5 19. Be2 Rxg2 20. Qxh7
Qc1+ 21. Bd1 Qd2+ 22. Kf1 Qf2# 0-1

[Event "AUTO-INT-358"]
[Site "http://www.queenalice.com/game.php?id=172910"]
[Date "2007.2.23"]
[Round "1"]
[White "Martinelli"]
[Black "Milton"]
[Result "0-1"]
[WhiteElo "1501"]
[BlackElo "1523"]

1. e4 e5 2. Nf3 Nc6 3. Bb5 Nf6 4. O-O Nxe4 5. d3 Nc5 6. Re1 d6 7. d4 a6 8. Bc4
Ne6 9. dxe5 b5 10. Bd3 Ncd4 11. Bg5 Nxg5 12. Nxd4 dxe5 13. Nc6 Qf6 14. Rxe5+ Be6
15. Nc3 Be7 16. Qd2 h6 17. Be2 Bd5 18. Qxd5 O-O 19. Rxe7 Rae8 20. Rxc7 Rc8 21.
Ne7+ Kh7 22. Bd3+ g6 23. Nxc8 b4 24. Rc6 Qf4 25. Re1 bxc3 26. bxc3 Qd2 27. Re7
Qd1+ 28. Re1 Qxe1+ 29. Bf1 Ne4 30. Rc7 Qxf2+ 31. Kh1 Qxf1# 0-1

[Event "AUTO-INT-358"]
[Site "http://www.queenalice.com/game.php?id=172919"]
[Date "2007.2.23"]
[Round "1"]
[White "ezequiel_2001"]
[Black "Martinelli"]
[Result "1-0"]
[WhiteElo "1766"]
[BlackElo "1488"]

1. d4 e6 2. c4 Bb4+ 3. Bd2 Bxd2+ 4. Nxd2 Nf6 5. e3 Nc6 6. Bd3 Ng4 7. Qxg4 Qf6 8.
Ngf3 d5 9. c5 e5 10. Qh4 g5 11. Qxg5 Qe6 12. Nxe5 Nxe5 13. Qxe5 Qxe5 14. dxe5
Bg4 15. f3 Bh5 16. g4 Bg6 17. Bxg6 hxg6 18. O-O-O Rd8 19. Nb3 Rh3 20. Rdf1 Rd7
21. Nd4 b6 22. c6 Re7 23. Nb5 Rxe5 24. Nxc7+ Kd8 25. f4 Rexe3 26. Nxd5 Re2 27.
Rd1 Rf3 28. Nc3+ Kc7 29. Nxe2 Kxc6 30. Rd4 Rf2 31. Nc3 a5 32. h3 f6 33. Rhd1 Kc5
34. Rd5+ Kc6 35. Rd6+ Kc5 36. Rxf6 b5 37. Ne4+ Kc4 38. Nxf2 b4 39. b3+ Kb5 40.
Rd5# 1-0

[Event "AUTO-INT-358"]
[Site "http://www.queenalice.com/game.php?id=172920"]
[Date "2007.2.23"]
[Round "1"]
[White "Martinelli"]
[Black "ezequiel_2001"]
[Result "0-1"]
[WhiteElo "1486"]
[BlackElo "1777"]

1. e4 c5 2. Nf3 d6 3. Bb5+ Bd7 4. Bxd7+ Nxd7 5. O-O g6 6. Ng5 Bg7 7. Qf3 Ne5 8.
Qf4 Nf6 9. b3 Nh5 10. Qe3 Ng4 11. Qh3 Ne5 12. Nc3 e6 13. Nb5 O-O 14. c3 Qxg5 15.
d4 Qg4 16. Qxg4 Nxg4 17. e5 dxe5 18. dxc5 f5 19. Rd1 Rfc8 20. Rd7 Rxc5 21. Nd6
Rd5 22. Ba3 Rd2 23. h3 Nxf2 24. Bc1 Rc2 25. Bg5 f4 26. c4 e4 27. a4 e3 28. Re7
Bxa1 29. Bh6 Rc1+ 30. Kh2 Rh1# 0-1

[Event "Challenge"]
[Site "http://www.queenalice.com/game.php?id=172980"]
[Date "2007.2.23"]
[Round "-"]
[White "claudiocaire"]
[Black "Martinelli"]
[Result "1-0"]
[WhiteElo "1441"]
[BlackElo "1542"]

1. e4 e5 2. Nf3 Bc5 3. Nxe5 Qf6 4. Ng4 Qf4 5. f3 d6 6. d4 Qxc1 7. Qxc1 Bxd4 8.
c3 Bc5 9. Na3 Ne7 10. Nb5 O-O 11. Nxc7 Bxg4 12. fxg4 Nbc6 13. Nxa8 Rxa8 14. Qf4
Ne5 15. Qg3 d5 16. Qxe5 Re8 17. Qc7 Be3 18. Qd7 Rc8 19. Qxe7 g6 20. Qxb7 Re8 21.
Be2 dxe4 22. Rf1 Kg7 23. Qxf7+ Kh6 24. Qxe8 Bc5 25. Qxe4 a5 26. g5+ Kxg5 27.
Qf4# 1-0

[Event "AUTO-OPEN-569"]
[Site "http://www.queenalice.com/game.php?id=173046"]
[Date "2007.2.23"]
[Round "1"]
[White "Martinelli"]
[Black "rrainey22"]
[Result "0-1"]
[WhiteElo "1483"]
[BlackElo "1633"]

1. e4 e5 2. Nf3 d5 3. exd5 Qxd5 4. Ng5 f6 5. Nf3 Nc6 6. c4 Qd7 7. Be2 Bc5 8. Nc3
Nd4 9. Nxd4 Bxd4 10. Nd5 h5 11. Bxh5+ Kd8 12. Bg4 Qc6 13. Bf3 Qxc4 14. d3 Qb5
15. O-O c6 16. a4 Qc5 17. b4 Qd6 18. Ba3 Bxa1 19. Qxa1 cxd5 20. b5 Qe6 21. Qc1
Nh6 22. Qc2 Bd7 23. Rc1 Rc8 24. Bc5 b6 25. Qb3 bxc5 26. Bxd5 Qb6 27. g3 Nf5 0-1

[Event "AUTO-OPEN-569"]
[Site "http://www.queenalice.com/game.php?id=173047"]
[Date "2007.2.23"]
[Round "1"]
[White "rrainey22"]
[Black "Martinelli"]
[Result "1-0"]
[WhiteElo "1643"]
[BlackElo "1466"]

1. e4 e5 2. d4 exd4 3. Qxd4 Nc6 4. Qe3 Nf6 5. e5 Ng4 6. Qe4 Ncxe5 7. f3 Nf6 8.
Qxe5+ Be7 9. Qg3 d5 10. Qxg7 Rg8 11. Qh6 Bf5 12. Qd2 Qd6 13. g4 Bd7 14. b3 O-O-O
15. Be2 h5 16. Ba3 Qe5 17. c3 Bb5 18. Bxe7 Qxe7 19. gxh5 Rg2 20. Kf1 Rdg8 21. c4
dxc4 22. Qa5 Qd6 23. Na3 Bc6 24. Nh3 Rxh2 25. Rxh2 Qxh2 26. Qf5+ Nd7 27. Ke1 c3
28. Rc1 1-0

[Event "AUTO-OPEN-569"]
[Site "http://www.queenalice.com/game.php?id=173048"]
[Date "2007.2.23"]
[Round "1"]
[White "Martinelli"]
[Black "hugo10"]
[Result "0-1"]
[WhiteElo "1507"]
[BlackElo "1425"]

1. e4 e5 2. Nf3 Nc6 3. Bc4 h6 4. O-O Nf6 5. d3 Bc5 6. Nh4 d6 7. c3 Ng4 8. Qf3 f6
9. Ng6 Rh7 10. b4 Bb6 11. Bg8 a5 12. Bxh7 axb4 13. cxb4 Bd4 14. Nc3 Bxc3 15. Rb1
Rxa2 16. Rb3 Nd4 17. Qh3 Nxb3 18. Qh5 Be6 19. Nxe5+ Ke7 20. Qg6 dxe5 21. Bxh6
Bd4 22. Qxg7+ Kd6 23. h3 Nxf2 24. Qxf6 Ng4+ 25. Kh1 Nxf6 26. Bg5 Qh8 27. Rf3
Qxh7 28. Rxf6 Nd2 29. Bxd2 Rxd2 30. Rf1 Bxh3 31. Rf6+ Ke7 32. Rf3 Bxg2# 0-1

[Event "AUTO-OPEN-569"]
[Site "http://www.queenalice.com/game.php?id=173049"]
[Date "2007.2.23"]
[Round "1"]
[White "hugo10"]
[Black "Martinelli"]
[Result "0-1"]
[WhiteElo "1496"]
[BlackElo "1506"]

1. e4 e5 2. Nf3 Nf6 3. Bc4 Ng4 4. Qe2 Bc5 5. Ng5 Qxg5 6. h3 Nh6 7. h4 Qxg2 8.
Rf1 O-O 9. a3 Ng4 10. c3 Nh2 11. d4 Be7 12. dxe5 Bxh4 13. Be3 d6 14. Nd2 Bg4 15.
Qd3 Na6 16. Bd5 c6 17. Bf4 Nc5 18. Qc4 cxd5 19. exd5 Rfe8 20. b4 Nxf1 21. bxc5
Qxf2# 0-1

[Event "Challenge"]
[Site "http://www.queenalice.com/game.php?id=182679"]
[Date "2007.3.15"]
[Round "-"]
[White "Orcleilson"]
[Black "Martinelli"]
[Result "1-0"]
[WhiteElo "1476"]
[BlackElo "1457"]

1. e4 e5 2. Bc4 Qf6 3. d4 exd4 4. Nf3 c5 5. Bd5 Qg6 6. O-O Nf6 7. Ne5 Qg4 8.
Nxg4 Nxg4 9. Qxg4 Na6 10. Bf4 d6 11. Qf3 Be7 12. Nc3 dxc3 13. Qxc3 O-O 14. e5
1-0

[Event "Sou Brasileiro... Não Desisto N"]
[Site "http://www.queenalice.com/game.php?id=183367"]
[Date "2007.3.17"]
[Round "-"]
[White "Martinelli"]
[Black "Marcelo_Araujo"]
[Result "0-1"]
[WhiteElo "1473"]
[BlackElo "1708"]

1. e4 d6 2. Nf3 f6 3. d4 e5 4. dxe5 dxe5 5. c4 Bd7 6. b3 Qe7 7. Nc3 Nc6 8. Nd5
Qd6 9. Bd2 O-O-O 10. Be2 Kb8 11. O-O Nge7 12. a3 Nxd5 13. cxd5 Nd4 14. Nxd4 exd4
15. b4 Qe5 0-1